Losing Opponents of U.S. Presidents #1 - Statistics

General Stats
  • This quiz has been taken 35 times
  • The average score is 7 of 9
Answer Stats
Year Winner Loser % Correct
2016 Donald J. Trump vs. Hillary Clinton
100%
1960 John F. Kennedy vs. Richard M. Nixon
90%
2000 George W. Bush vs. Al Gore/Ralph Nader
84%
1800 Thomas Jefferson vs. John Adams
84%
2008 Barack Obama vs. John McCain
84%
2012 Barack Obama vs. Mitt Romney
84%
1976 Jimmy Carter vs. Gerald Ford
81%
1796 John Adams vs. Thomas Jefferson
77%
2004 George W. Bush vs. John Kerry
55%
No matching quizzes found
Score Distribution
Percent of People with Each Score
Percentile by Number Answered
Your Score History
You have not taken this quiz